| 000 | 00922nam a2200277Ia 4500 | ||
|---|---|---|---|
| 003 | OSt | ||
| 005 | 20221005111351.0 | ||
| 006 | a|||||r|||| 00| 0 | ||
| 007 | ta | ||
| 008 | 221004b |||||||| |||| 00| 0 hin d | ||
| 020 |
_a8170553474 (hbk) _c295 |
||
| 024 | _a13554 | ||
| 037 |
_b328, 20/03/2014, Vani Prakashan _cTextual |
||
| 040 |
_aCRL _cCRL _bhin |
||
| 041 |
_2hin _ahin |
||
| 082 | _aU8.1, 152N9 | ||
| 100 | _aभारती, धर्मवीर | ||
| 245 | 0 | _aयात्रा - चक्र | |
| 246 | _aYātrā - chakra | ||
| 250 | _a2संस्करण | ||
| 260 |
_aनई दिल्ली _bवाणी प्रकाशन भारत _c1999 |
||
| 300 |
_a396पृ0 _ccm. |
||
| 650 | _aभारतीय-भूगोल | ||
| 942 |
_hU8.1, 152N9 _cTEXL _2cc |
||
| 999 |
_c1021617 _d1021617 |
||